Statistics for Select All Major Canadian Cities!

Click here to take the quiz!

General Stats

  • This quiz has been taken 22 times
  • The average score is 128 of 208

Answer Stats

QuestionTileSelect% Correct
What major cities are in British Columbia?AustinNo
100%
What major cities are in British Columbia?ChinchillaNo
100%
What major cities are in British Columbia?DelawareNo
100%
What major cities are in British Columbia?DelsomiaNo
100%
What major cities are in British Columbia?EssexNo
100%
What major cities are in British Columbia?GermanyNo
100%
What major cities are in British Columbia?Saint VictorNo
100%
What major cities are in British Columbia?VancouverYes
100%
What major cities are in British Columbia?YellowknifeNo
100%
What major cities are in British Columbia?CalgaryNo
92%
What major cities are in British Columbia?MontrealNo
92%
What major cities are in British Columbia?TorontoNo
92%
What major cities are in Alberta?AkimiskiNo
83%
What major cities are in Saskatchewan?AlbuquerqueNo
83%
What major cities are in Manitoba?AntalyaNo
83%
What major cities are in Quebec?AugustaNo
83%
What major cities are in Saskatchewan?BarcelonaNo
83%
What major cities are in Alberta?BismarckNo
83%
What major cities are in Manitoba?BuffaloNo
83%
What major cities are in Saskatchewan?Cape DorsetNo
83%
What major cities are in Saskatchewan?ChurchillNo
83%
What major cities are in Quebec?Clermont-FerrandNo
83%
What major cities are in Saskatchewan?ColomboNo
83%
What major cities are in Manitoba?DubaiNo
83%
What major cities are in Ontario?East QualicumNo
83%
What major cities are in Manitoba?EdinburghNo
83%
What major cities are in Ontario?FrankfurtNo
83%
What major cities are in Saskatchewan?FrederictonNo
83%
What major cities are in Saskatchewan?GanderNo
83%
What major cities are in Alberta?HonoluluNo
83%
What major cities are in Alberta?Jamaica CityNo
83%
What major cities are in Quebec?LaredoNo
83%
What major cities are in Ontario?LimaNo
83%
What major cities are in Saskatchewan?LondonNo
83%
What major cities are in Manitoba?NassauNo
83%
What major cities are in Ontario?OhioNo
83%
What major cities are in Alberta?OttawaNo
83%
What major cities are in Quebec?ParisiaNo
83%
What major cities are in Manitoba?PortlandNo
83%
What major cities are in Saskatchewan?Rankin InletNo
83%
What major cities are in Manitoba?Rapid CityNo
83%
What major cities are in Ontario?RochesterNo
83%
What major cities are in Saskatchewan?San AntonioNo
83%
What major cities are in Alberta?San FranciscoNo
83%
What major cities are in Alberta?SeattleNo
83%
What major cities are in Quebec?SherbertNo
83%
What major cities are in Saskatchewan?SherbrookeNo
83%
What major cities are in Alberta?TimminsNo
83%
Which major cities are in The Northwest Territories?AberdeenNo
75%
Which major cities are in The Northwest Territories?AlesundNo
75%
Which major cities are in Newfoundland and Labrador?AthabaskaNo
75%
What major cities are in Prince Edward Island (PEI)?AtlasNo
75%
Which major cities are in The Northwest Territories?Baker LakeNo
75%
What major cities are in New Brunswick?BangorNo
75%
What major cities are in Quebec?BordeauxNo
75%
What major cities are in Alberta?CalgaryYes
75%
Which major cities are in the Yukon Territory?CanmoreNo
75%
What major cities are in New Brunswick?ChestervilleNo
75%
What major cities are in Prince Edward Island (PEI)?ColumbusNo
75%
Which major cities are in The Northwest Territories?ConakryNo
75%
What major cities are in Prince Edward Island (PEI)?Corpus ChristiNo
75%
What major cities are in New Brunswick?DerryNo
75%
What major cities are in Prince Edward Island (PEI)?DigbyNo
75%
What major cities are in Alberta?EdelweissNo
75%
What major cities are in Manitoba?EugeneNo
75%
What major cities are in Prince Edward Island (PEI)?FraisenNo
75%
What major cities are in New Brunswick?HalifaxNo
75%
Which major cities are in The Northwest Territories?Hall BeachNo
75%
What major cities are in Manitoba?HamiltonNo
75%
What major cities are in Alberta?HumboldtNo
75%
Which major cities are in Newfoundland and Labrador?JenkintownNo
75%
Which major cities are in the Yukon Territory?JuneauNo
75%
Which major cities are in The Northwest Territories?KanoNo
75%
What major cities are in Prince Edward Island (PEI)?KegashkaNo
75%
What major cities are in New Brunswick?KentvilleNo
75%
Which major cities are in Newfoundland and Labrador?KitimatNo
75%
Which major cities are in Newfoundland and Labrador?Lake CheyenneNo
75%
What major cities are in Quebec?La RochelleNo
75%
What major cities are in Quebec?LayafetteNo
75%
What major cities are in Prince Edward Island (PEI)?LuandaNo
75%
Which major cities are in the Yukon Territory?Lynn LakeNo
75%
Which major cities are in The Northwest Territories?MarkovoNo
75%
Which major cities are in The Northwest Territories?MedinaNo
75%
Which major cities are in Newfoundland and Labrador?MithouineNo
75%
What major cities are in Quebec?MontpellierNo
75%
Which major cities are in Newfoundland and Labrador?Nahanni ButteNo
75%
What major cities are in New Brunswick?NanaimoNo
75%
What major cities are in New Brunswick?NelsonNo
75%
What major cities are in New Brunswick?New RichmondNo
75%
What major cities are in New Brunswick?OrlandoNo
75%
What major cities are in Quebec?Quebec CityYes
75%
What major cities are in Alberta?ReginaNo
75%
Which major cities are in The Northwest Territories?ResoluteNo
75%
Which major cities are in the Yukon Territory?ReykjavikNo
75%
What major cities are in Manitoba?RimouskiNo
75%
Which major cities are in Newfoundland and Labrador?Saint LewisNo
75%
What major cities are in Saskatchewan?SaskatoonYes
75%
What major cities are in Saskatchewan?SasquatchNo
75%
Which major cities are in Newfoundland and Labrador?Set-AilNo
75%
Which major cities are in the Yukon Territory?SkagwayNo
75%
Which major cities are in the Yukon Territory?SmithersNo
75%
What major cities are in New Brunswick?SpringhillNo
75%
Which major cities are in the Yukon Territory?TereseNo
75%
Which major cities are in The Northwest Territories?UpernavikNo
75%
What major cities are in Manitoba?WabakimiNo
75%
Which major cities are in the Yukon Territory?Whale CoveNo
75%
What major cities are in Manitoba?WinnipegYes
75%
What major cities are in Prince Edward Island (PEI)?WizenhowerNo
75%
What major cities are there in Nunavut?AlbuquerqueNo
67%
Which major cities are in The Northwest Territories?AlertNo
67%
What major cities are there in Nunavut?BuchananNo
67%
What major cities are in Prince Edward Island (PEI)?Cap-Aux-MeulesNo
67%
What major cities are in New Brunswick?CharlottetownNo
67%
What major cities are in Nova Scotia?DestinNo
67%
What major cities are in Nova Scotia?Edinburgh CityNo
67%
What major cities are there in Nunavut?Fort McPhersonNo
67%
What major cities are there in Nunavut?FreetownNo
67%
Which major cities are in Newfoundland and Labrador?GalvestonNo
67%
What major cities are in Nova Scotia?HalabanaNo
67%
What major cities are there in Nunavut?KorhogoNo
67%
What major cities are there in Nunavut?LoopNo
67%
What major cities are in Manitoba?MoosoneeNo
67%
What major cities are there in Nunavut?North PoleNo
67%
Which major cities are in the Yukon Territory?NuukNo
67%
What major cities are in Prince Edward Island (PEI)?Old BerliaNo
67%
What major cities are in Nova Scotia?Port LouisNo
67%
Which major cities are in Newfoundland and Labrador?Prawn TownNo
67%
What major cities are in Nova Scotia?ReneNo
67%
What major cities are in New Brunswick?Saratoga SpringsNo
67%
Which major cities are in The Northwest Territories?Silver CityNo
67%
What major cities are in Prince Edward Island (PEI)?StephenvilleNo
67%
Which major cities are in the Yukon Territory?Stony RapidsNo
67%
Which major cities are in the Yukon Territory?Swift CurrentNo
67%
What major cities are in Nova Scotia?WacoNo
67%
Which major cities are in The Northwest Territories?AthabascaNo
58%
What major cities are in Nova Scotia?Cape Saint GeorgeNo
58%
What major cities are in Alberta?EdmontonYes
58%
What major cities are in Ontario?HamiltonYes
58%
What major cities are there in Nunavut?KenaiNo
58%
Which major cities are in Newfoundland and Labrador?MedfordNo
58%
What major cities are in Ontario?MississaguaYes
58%
What major cities are in Quebec?MontrealYes
58%
What major cities are in Ontario?Niagra Crescent SoutheastNo
58%
What major cities are in Ontario?OttawaYes
58%
What major cities are in Nova Scotia?PerthNo
58%
What major cities are in Nova Scotia?ProvidenceNo
58%
What major cities are in Saskatchewan?ReginaYes
58%
What major cities are in Nova Scotia?SummersideNo
58%
What major cities are there in Nunavut?TalkeetnaNo
58%
What major cities are in British Columbia?VictoriaYes
58%
Which major cities are in the Yukon Territory?YakutatNo
58%
What major cities are there in Nunavut?YamoussoukroNo
58%
Which major cities are in The Northwest Territories?YellowknifeYes
58%
What major cities are in Nova Scotia?BarkervilleNo
50%
What major cities are in Prince Edward Island (PEI)?Cape Breton CityNo
50%
What major cities are in Prince Edward Island (PEI)?CharlottetownYes
50%
What major cities are in New Brunswick?FrederictonYes
50%
What major cities are in Ontario?KitchenerYes
50%
What major cities are in Ontario?LondonYes
50%
What major cities are in Alberta?Red DeerYes
50%
What major cities are in Quebec?SherbrookeYes
50%
Which major cities are in Newfoundland and Labrador?St. John'sYes
50%
Which major cities are in the Yukon Territory?WhitehorseYes
50%
What major cities are in Ontario?BramptonYes
42%
What major cities are in British Columbia?KamloopsYes
42%
What major cities are in Ontario?SudburyYes
42%
What major cities are in British Columbia?SurreyYes
42%
What major cities are in Ontario?Thunder BayYes
42%
What major cities are in Quebec?Trois-RiviersYes
42%
What major cities are in Manitoba?BrandonYes
33%
What major cities are in Alberta?LethbridgeYes
33%
What major cities are in New Brunswick?MonctonYes
33%
What major cities are in Nova Scotia?New GlasgowNo
33%
What major cities are in New Brunswick?Saint JohnYes
33%
What major cities are in Manitoba?ChurchillYes
25%
Which major cities are in Newfoundland and Labrador?GanderYes
25%
What major cities are there in Nunavut?IqualitYes
25%
What major cities are in Saskatchewan?Prince AlbertYes
25%
What major cities are in British Columbia?Prince GeorgeYes
25%
What major cities are in Quebec?Sept-IlesYes
25%
What major cities are in Nova Scotia?SydneyYes
25%
What major cities are in New Brunswick?BathurstYes
17%
What major cities are in Ontario?Chatham-KentYes
17%
Which major cities are in Newfoundland and Labrador?Danel's HarbourYes
17%
What major cities are in Prince Edward Island (PEI)?MontagueYes
17%
What major cities are in Manitoba?Portage La PraireYes
17%
What major cities are in Quebec?SaguenayYes
17%
What major cities are in Nova Scotia?TruroYes
17%
Which major cities are in Newfoundland and Labrador?BonavistaYes
8%
Which major cities are in The Northwest Territories?Fort ProvidenceYes
8%
What major cities are in Alberta?OkotoksYes
8%
What major cities are in Nova Scotia?Port HawkesburyYes
8%
What major cities are there in Nunavut?Rankin InletYes
8%
What major cities are in Quebec?RimouskiYes
8%
What major cities are in Prince Edward Island (PEI)?SummersideYes
8%
What major cities are in Ontario?TimminsYes
8%
What major cities are in Saskatchewan?Uranium CityYes
8%
What major cities are in Nova Scotia?YarmouthYes
8%
What major cities are there in Nunavut?AlertYes
0%
What major cities are there in Nunavut?Baker LakeYes
0%
What major cities are there in Nunavut?Cape DorsetYes
0%
Which major cities are in Newfoundland and Labrador?Corner BrookYes
0%
Which major cities are in the Yukon Territory?FaroYes
0%
What major cities are there in Nunavut?Gjoa HavenYes
0%
Which major cities are in The Northwest Territories?Hay RiverYes
0%
Which major cities are in the Yukon Territory?Ross RiverYes
0%
What major cities are in Prince Edward Island (PEI)?SourisYes
0%
Which major cities are in the Yukon Territory?Watson LakeYes
0%

Score Distribution

Percentile by Number Answered

Percent of People with Each Score

Your Score History

You have not taken this quiz